Contestación del gremio de fabricantes y de la Cámara de Comercio de Sabadell al interrogatorio formulado por la Comisión para el estudio de la Reforma de aranceles y de los Tratados de Comercio / (Record no. 38560)

MARC details
000 -LEADER
campo de control de longitud fija 00777nam a2200193 i 4500
001 - NÚMERO DE CONTROL
campo de control 38560
003 - IDENTIFICADOR DE NÚMERO DE CONTROL
campo de control ES-MaACL
005 - FECHA Y HORA DE LA ÚLTIMA TRANSACCIÓN
campo de control 20250901094904.0
007 - CAMPO FIJO DE DESCRIPCIÓN FÍSICA--INFORMACIÓN GENERAL
campo de control de longitud fija t|
008 - DATOS DE LONGITUD FIJA--INFORMACIÓN GENERAL
campo de control de longitud fija 030225s1890 sp ||||1| spa d
110 2# - ENTRADA PRINCIPAL--NOMBRE DE ENTIDAD CORPORATIVA
Nombre de entidad corporativa o nombre de jurisdicción como elemento de entrada Cámara Oficial de Comercio e Industria de Sabadell
9 (RLIN) 2361
245 10 - MENCIÓN DEL TÍTULO
Título Contestación del gremio de fabricantes y de la Cámara de Comercio de Sabadell al interrogatorio formulado por la Comisión para el estudio de la Reforma de aranceles y de los Tratados de Comercio /
Mención de responsabilidad, etc. Cámara de Comercio de Sabadell.
260 ## - PUBLICACIÓN, DISTRIBUCIÓN, ETC.
Lugar de publicación, distribución, etc. Sabadell :
Nombre del editor, distribuidor, etc. [s.n.],
Fecha de publicación, distribución, etc. 1890 (
Fabricante Comar)
300 ## - DESCRIPCIÓN FÍSICA
Extensión 1 v.
650 #4 - PUNTO DE ACCESO ADICIONAL DE MATERIA--TÉRMINO DE MATERIA
Término de materia o nombre geográfico como elemento de entrada Aranceles de aduanas-
Subdivisión geográfica España-
Subdivisión cronológica S.XIX.
9 (RLIN) 9930
710 2# - ENTRADA AGREGADA--NOMBRE DE ENTIDAD CORPORATIVA
Nombre de entidad corporativa o nombre de jurisdicción como elemento de entrada Gremio de Fabricantes de Sabadell.
9 (RLIN) 4492
852 4# - LOCALIZACIÓN
Ubicación ES-MaACL
Número de control de estantería T-508-F-5
Holdings
Estatus retirado Estado de pérdida Estado de daño No para préstamo Colección Biblioteca de origen Biblioteca actual Ubicación en estantería Fecha de adquisición Fuente de adquisición Total de préstamos Signatura topográfica completa Código de barras Visto por última vez Precio de reemplazo Tipo de ítem Koha
        Colección de folletos Biblioteca del Ateneo de Madrid Biblioteca del Ateneo de Madrid Depósito folletos 17/01/2008     T-508-F-5 1040594 23/02/2023 23/02/2023 Folleto